[Event "Nordic-chT"]
[Site "Pohja"]
[Date "1985.??.??"]
[Round "?"]
[White "Agdestein, Espen"]
[Black "Karlsson, Lars"]
[Result "0-1"]
[WhiteElo "2325"]
[BlackElo "2530"]

1.d4 Nf6 2.c4 e6 3.Nc3 Bb4 4.Qc2 O-O 5.Nf3 b6 6.e4 d5 7.e5 Ne4 8.Bd3 Bb7
9.O-O Bxc3 10.bxc3 c5 11.cxd5 exd5 12.Nd2 f5 13.f3 Nxd2 14.Bxd2 Bc8 15.c4 Be6
16.dxc5 dxc4 17.Be2 Qd4+ 18.Kh1 Qxc5 19.Rfc1 Nc6 20.Bxc4 Bxc4 21.Qxc4+ Qxc4
22.Rxc4 Nxe5 23.Rc2 Rac8 24.Rac1 Rxc2 25.Rxc2 Rd8 26.Kg1 b5 27.Bc3 Rc8  0-1

[Event "Sochi"]
[Site "Sochi"]
[Date "1985.??.??"]
[Round "?"]
[White "Haik, Aldo"]
[Black "Agzamov, Georgy"]
[Result "0-1"]
[WhiteElo "2455"]
[BlackElo "2590"]

1.d4 Nf6 2.c4 e6 3.Nc3 Bb4 4.Qc2 O-O 5.Nf3 b6 6.e4 Bb7 7.Bd3 h6 8.O-O Bxc3
9.bxc3 d6 10.Re1 Nfd7 11.Bf4 Qf6 12.Bg3 e5 13.c5 bxc5 14.Rab1 Bc8 15.Bc4 a5
16.Qd3 Re8 17.dxe5 dxe5 18.Red1 Ba6 19.Qd5 Nb6 20.Rxb6 Bxc4 21.Qxa8 Qxb6
22.Nxe5 Be6 23.h3 Rf8 24.f4 Bxa2 25.c4 Qb3 26.Rd3 Qb1+ 27.Kh2 Nd7 28.Qd5 Nxe5
29.fxe5 c6 30.Qd6 Bxc4 31.Re3 Be6 32.Bf4 Ra8 33.Rg3 Kh7 34.Qxc6 Rc8 35.Qa4 Qb4
36.Qc2 Rd8 37.Bc1 Qd4 38.Bb2 Qb4 39.Ba3 Qb8 40.Qc3 Qb5 41.Qf3 Rg8 42.Bc1 Qb8
43.Qc3 Qb4 44.Qe3 c4 45.Bd2 Qb5 46.Qf4 a4 47.h4 Qb1 48.Ra3 Qd1 49.Bc1 Rb8
50.Rg3 Qh5  0-1

[Event "Sochi"]
[Site "Sochi"]
[Date "1985.??.??"]
[Round "?"]
[White "Barlov, Dragan"]
[Black "Foisor, Ovidiu"]
[Result "1/2-1/2"]
[WhiteElo "2430"]
[BlackElo "2430"]

1.d4 Nf6 2.c4 e6 3.Nc3 Bb4 4.Qc2 O-O 5.e4 c5 6.dxc5 Bxc5 7.Bg5 Nc6 8.Nf3 h6
9.Bh4 Be7 10.Be2 Nh5 11.Bxe7 Qxe7 12.Qd2 Rd8 13.g4 Nf6 14.g5 hxg5 15.Qxg5 Nh7
16.Qg3 d5 17.Rg1 Qf6 18.cxd5 exd5 19.Nxd5 Qh6 20.Rd1 Bh3 21.Ng5 Nxg5 22.Qxg5 Qxg5
23.Rxg5 Be6 24.Nc7 Rxd1+ 25.Bxd1 Rd8 26.Nxe6 fxe6 27.a3 Rd4 28.f3 Kf7 29.Rb5 b6
30.h4 Kf6 31.Be2 e5 32.Rb3 Rd6 33.Rc3 Nd4 34.Bc4 Rd8 35.Kf2 Rh8 36.Kg3 Ke7
37.Bf1 Kd6 38.Rd3 Rf8 39.Bh3 Kc5 40.Bg4 a5 41.h5 b5 42.Rc3+ Kd6 43.Kh4 b4
44.axb4 axb4 45.Rc4 b3 46.Kg5 Nxf3+ 47.Kg6 Rf4 48.Bc8 Rh4 49.Rc3 Nd4 50.Rh3 Rxe4
51.Kxg7 Nc6 52.Be6 Kxe6 53.Rxb3 Rg4+ 54.Kh7 e4 55.Rb8 Kf7 56.Rb7+ Kf6 57.Rb6 Kf5
58.Rb5+ Kf4 59.h6 e3 60.Rb4+ Kf3 61.Rxg4 Kxg4 62.Kg6 e2 63.h7 e1=Q 64.h8=Q Qe4+  1/2-1/2

[Event "Trencianske Teplice"]
[Site "Trencianske Teplice"]
[Date "1985.??.??"]
[Round "14"]
[White "Knezevic, Milorad"]
[Black "Smejkal, Jan"]
[Result "1/2-1/2"]
[WhiteElo "2435"]
[BlackElo "2565"]

1.d4 Nf6 2.c4 e6 3.Nc3 Bb4 4.Qc2 O-O 5.Nf3 b6 6.a3 Bxc3+ 7.Qxc3 Bb7 8.e3 d6
9.b4 Nbd7 10.Bb2 Qe7 11.Bd3 c5 12.O-O cxd4 13.Nxd4 Ne5 14.Rac1 Rac8 15.Qd2 Nxd3
16.Qxd3 Rfd8 17.Rfd1 d5 18.cxd5 Bxd5 19.f3 Bb7 20.Rxc8 Rxc8 21.e4 Ne8 22.Rc1  1/2-1/2

[Event "Bor"]
[Site "Bor"]
[Date "1986.??.??"]
[Round "6"]
[White "Barlov, Dragan"]
[Black "Dizdarevic, Emir"]
[Result "1-0"]
[WhiteElo "2550"]
[BlackElo "2470"]

1.d4 Nf6 2.c4 e6 3.Nc3 Bb4 4.Qc2 O-O 5.Nf3 d6 6.Bg5 Nbd7 7.e3 b6 8.Bd3 h6
9.Bh4 Bb7 10.O-O-O Bxc3 11.Qxc3 c5 12.Bc2 Qc7 13.Bg3 Rfd8 14.Nd2 cxd4 15.exd4 Rac8
16.Kb1 Qc6 17.Qb4 e5 18.dxe5 Nxe5 19.f3 Nxc4 20.Nxc4 Qxc4 21.Qxc4 Rxc4 22.Rxd6 Rxd6
23.Bxd6 Rd4 24.Be5 Rd2 25.Rd1 Rxd1+ 26.Bxd1 Nd5 27.Be2 f5 28.Kc1 Kf7 29.Kd2 g5
30.Bc4 Ke7 31.g3 Nf6 32.Ke3 Nd5+ 33.Kd4 Nb4 34.Bg7 Bxf3 35.Bxh6 Kf6 36.h4 gxh4
37.gxh4 Nc2+ 38.Kc3 Ne1 39.Bf4 Bb7 40.Bb8 a6 41.a4 Ng2 42.Bc7 b5 43.axb5 axb5
44.Bxb5 f4 45.Bd8+ Kg6 46.Be8+ Kh6 47.Bg5+ Kg7 48.h5 Ne3 49.Kd4 Nd5 50.h6+ Kh7
51.Bh5 Nc7 52.Bg4 Nd5 53.Bf5+ Kg8 54.Be6+  1-0

[Event "POL-chT"]
[Site "Porabka"]
[Date "1986.??.??"]
[Round "?"]
[White "Bakalarz, Mieczyslaw"]
[Black "Szypulski, Andrzej"]
[Result "1-0"]
[WhiteElo "2275"]
[BlackElo "2280"]

1.d4 Nf6 2.c4 e6 3.Nc3 Bb4 4.Qc2 O-O 5.a3 Bxc3+ 6.Qxc3 b6 7.Nf3 Bb7 8.e3 a5
9.b3 d6 10.Bb2 Ne4 11.Qc2 f5 12.Bd3 Nd7 13.O-O c5 14.Nd2 Qh4 15.f3 Nxd2 16.Qxd2 Qh6
17.Rad1 cxd4 18.exd4 Qxd2 19.Rxd2 g6 20.Re1 Kf7 21.a4 Nf6 22.Ba3 Rfd8 23.Kf2 Ba6
24.Rde2 Bc8 25.g3 g5 26.Bc1 g4 27.fxg4 Nxg4+ 28.Kg1 Ra7 29.Rf1 Kg8 30.h3 Nf6
31.g4 Rg7 32.Kh2 Kf7 33.gxf5 e5 34.Bh6 Rgg8 35.c5 e4 36.Bb5 bxc5 37.dxc5 d5
38.Bd2 Rg7 39.Bxa5 Rdg8 40.Be1 Nh5 41.Bc6 Nf6 42.b4 Bd7 43.Bxd7 Nxd7 44.Bc3 Rg3
45.Ba1 Rb3 46.c6 Nb6 47.b5 Nxa4 48.Ra2 Rgg3 49.Be5 Rxh3+ 50.Kg2 Ra3 51.Rfa1  1-0

[Event "POL-chT"]
[Site "Porabka"]
[Date "1986.??.??"]
[Round "?"]
[White "Tomaszewski, Roman"]
[Black "Hawelko, Marek"]
[Result "1/2-1/2"]
[WhiteElo "2390"]
[BlackElo "2450"]

1.d4 Nf6 2.c4 e6 3.Nc3 Bb4 4.Qc2 O-O 5.Nf3 c5 6.dxc5 Na6 7.Bd2 Nxc5 8.a3 Bxc3
9.Bxc3 Nce4 10.g3 Nxc3 11.Qxc3 b6 12.Bg2 Bb7 13.O-O Rc8 14.Qd4 Qe7 15.Nd2  1/2-1/2

[Event "FRG-ch"]
[Site "Bad Neuenahr"]
[Date "1987.??.??"]
[Round "?"]
[White "Schuh, Hubert"]
[Black "Brueckner, Thomas"]
[Result "1/2-1/2"]
[WhiteElo "2295"]
[BlackElo "2345"]

1.d4 Nf6 2.c4 e6 3.Nc3 Bb4 4.Qc2 O-O 5.Nf3 c5 6.dxc5 Na6 7.Bg5 Qa5 8.Bxf6 gxf6
9.g3 Nxc5 10.Bg2 Na4 11.O-O Nxc3 12.bxc3 Be7 13.Rab1 a6 14.Rfd1 Qc7 15.Qd3 Rb8
16.Nd4 f5 17.e3 b6  1/2-1/2

[Event "Berlin op"]
[Site "Berlin-West"]
[Date "1987.??.??"]
[Round "?"]
[White "Kaposztas, Miklos"]
[Black "Kosten, Anthony C"]
[Result "0-1"]
[WhiteElo "2300"]
[BlackElo "2495"]

1.d4 Nf6 2.c4 e6 3.Nc3 Bb4 4.Qc2 O-O 5.Nf3 d6 6.Bg5 Nbd7 7.e3 Qe8 8.Be2 e5
9.O-O Bxc3 10.bxc3 b6 11.Rae1 Bb7 12.Nd2 h6 13.Bh4 c5 14.Bg3 Qe7 15.f4 Rfe8
16.fxe5 dxe5 17.d5 Rf8 18.e4 Ne8 19.Rf2 Nd6 20.Ref1 Bc8 21.Bd3 Re8 22.Nf3 f6
23.Nh4 Nf8 24.Qd1 Bd7 25.h3 a6 26.a4 Reb8 27.Rb2 Qe8 28.Qb1 b5 29.axb5 axb5
30.cxb5 Bxb5 31.Bxb5 Rxb5 32.Rff2 Rab8 33.Kh2 Rxb2 34.Rxb2 Rxb2 35.Qxb2 Nxe4
36.Qc2 Nd6 37.c4 Nd7 38.Nf3 f5 39.Kh1 f4 40.Bh2 Qf7 41.Qc3 Qf5 42.Bg1 e4
43.Nh2 e3 44.Nf3 Qe4 45.Qa5 Nxc4 46.Qa8+ Kh7 47.Qc6 Ncb6 48.Qd6 c4 49.Qe6 Qxd5  0-1

[Event "Noviki-A"]
[Site "Budapest"]
[Date "1987.??.??"]
[Round "?"]
[White "Boensch, Uwe"]
[Black "Farago, Ivan"]
[Result "1/2-1/2"]
[WhiteElo "2530"]
[BlackElo "2475"]

1.d4 Nf6 2.c4 e6 3.Nc3 Bb4 4.Qc2 O-O 5.Nf3 c5 6.dxc5 Na6 7.g3 Nxc5 8.Bg2 b6
9.O-O Bb7 10.Be3 Qe7 11.Rac1 Rfc8 12.Bd4 Bxc3 13.Qxc3 Nce4 14.Qd3 d6 15.Rfd1 h6
16.b4 Rc7 17.Nd2 Nxd2 18.Bxf6 Qxf6 19.Bxb7 Rxb7 20.Rxd2 Rd8 21.Rcd1 Rc7 22.Qe4 Rdc8
23.Rxd6 Rxc4 24.Qb7 R4c7 25.Qe4 Rc4  1/2-1/2

[Event "Buenos Aires BCA"]
[Site "Buenos Aires"]
[Date "1987.??.??"]
[Round "3"]
[White "Bielicki, Carlos"]
[Black "Rodriguez, Amador"]
[Result "1/2-1/2"]
[WhiteElo "2270"]
[BlackElo "2515"]

1.d4 Nf6 2.c4 e6 3.Nc3 Bb4 4.Qc2 O-O 5.Nf3 c5 6.dxc5 Na6 7.Bd2 Nxc5 8.e3 b6
9.Be2 Ba6 10.O-O Rc8 11.Rfd1 Qe7 12.Rac1 Rfd8 13.Be1 d6 14.Nd4 Bb7 15.Bf3 a6
16.Qe2 Rd7 17.Bxb7 Rxb7 18.Nd5 exd5 19.Bxb4 Rbc7 20.cxd5 Nxd5 21.Be1 Qe5
22.Nf3 Qe6 23.Rc2 Ne4 24.Rdc1 b5 25.Nd4 Qd7 26.Qd3 Ndf6 27.Ba5 Rc5 28.Bb4 R5c7
29.Rxc7 Rxc7 30.Rxc7 Qxc7 31.Qc2 Qxc2 32.Nxc2 Nd5 33.Be1 Nc5 34.Nb4 Nxb4
35.Bxb4 Nd3 36.Bc3 f6 37.Kf1 Kf7 38.a3 Ke6 39.Ke2 Nc5 40.f3 Kd5 41.Kd2 Kc4
42.Kc2 d5 43.Bb4 Nb3 44.Bf8 g6 45.Bg7 f5 46.Bf8 d4 47.exd4 Nxd4+ 48.Kd2 Kb3
49.Bg7 Nc6 50.Bc3 Ne7 51.Bd4 Nd5 52.g3 Nc7 53.g4 Ne6 54.Be5 fxg4 55.fxg4 Nc5
56.h4 Na4 57.Kc1 Nb6 58.h5 Nc4 59.Bd4 a5 60.hxg6 hxg6 61.g5 Nd6 62.Bc3 b4
63.axb4 axb4 64.Bf6 Ne4 65.Kb1 Nd6 66.Be7 Nf5 67.Bf6 Ne3 68.Bd4 Nf1 69.Bf6 Ng3
70.Be5 Ne2 71.Bf6 Nf4 72.Be5 Ne6 73.Bf6 Nc5 74.Be7 Ne4 75.Bf6  1/2-1/2

[Event "Granma zt"]
[Site "Granma"]
[Date "1987.??.??"]
[Round "?"]
[White "Nogueiras, Jesus"]
[Black "Rodriguez, Amador"]
[Result "1/2-1/2"]
[WhiteElo "2565"]
[BlackElo "2495"]

1.d4 Nf6 2.c4 e6 3.Nc3 Bb4 4.Qc2 O-O 5.Nf3 d6 6.g3 b6 7.Bg2 Bb7 8.O-O Bxc3
9.Qxc3 Nbd7 10.b3 Ne4 11.Qc2 Nef6 12.Bb2 Be4 13.Qc3 Re8 14.Rad1 Qe7 15.Rfe1 c5
16.Bh3 Rad8 17.Nd2 Bb7 18.e4 e5 19.d5 Bc8 20.f4 Qf8 21.f5 g5 22.fxg6 fxg6
23.Nf3 Qg7 24.Ng5 Nf8 25.Bxc8 Rxc8 26.Rf1 Re7 27.Qf3 N8d7 28.Bc1 Rce8 29.h4 h6
30.Nh3 Nh7 31.Qe3 h5 32.Qe2  1/2-1/2

[Event "Leningrad"]
[Site "Leningrad"]
[Date "1987.??.??"]
[Round "?"]
[White "Nogueiras, Jesus"]
[Black "Georgiev, Kiril"]
[Result "1/2-1/2"]
[WhiteElo "2565"]
[BlackElo "2590"]

1.d4 Nf6 2.c4 e6 3.Nc3 Bb4 4.Qc2 O-O 5.a3 Bxc3+ 6.Qxc3 b6 7.Nf3 Bb7 8.b4 d6
9.Bb2 Nbd7 10.e3 a5 11.Be2 Ne4 12.Qb3 axb4 13.axb4 Rxa1+ 14.Bxa1 b5 15.cxb5 Ng5
16.Qc3 Nxf3+ 17.gxf3 f5 18.d5 e5 19.f4 Bxd5 20.Rg1 Rf7 21.Bb2 Re7 22.fxe5 dxe5
23.Qd3 Be4 24.Qb3+ Kf8 25.f3 Bb7 26.Qd3 g6 27.Qc4 Nb6 28.Qh4 Qd6 29.Kf2 Nd5
30.Qc4 Nb6 31.Qc1 Qf6 32.Rd1 Ke8 33.Qc5 Qh4+ 34.Kg1 Na4 35.Qc2 Nxb2 36.Qxb2 Qg5+
37.Kf1 Qxe3 38.Qa2 Kf8 39.Rd8+ Kg7 40.Qg8+ Kf6 41.h4 Qc1+ 42.Kf2 e4 43.Qf8+ Ke6
44.Re8 e3+ 45.Kg2 Rxe8 46.Qxe8+ Kd6 47.Qd8+ Ke5 48.Qh8+ Kd6 49.Qd8+ Ke5 50.Qe7+  1/2-1/2

[Event "Moscow-B"]
[Site "Moscow"]
[Date "1987.??.??"]
[Round "?"]
[White "Foisor, Ovidiu"]
[Black "Vyzmanavin, Alexey"]
[Result "1/2-1/2"]
[WhiteElo "2495"]
[BlackElo "2485"]

1.d4 Nf6 2.c4 e6 3.Nc3 Bb4 4.Qc2 O-O 5.Nf3 d6 6.Bd2 c5 7.a3 Ba5 8.e3 Nc6
9.dxc5 dxc5 10.Bd3 Qe7 11.O-O Bc7 12.Rad1 b6 13.b3 Bb7 14.Bc1 a6 15.Bb2 h6
16.Ne2 Rad8 17.Qc3 Rd7 18.Bc2 Rfd8 19.Rxd7 Rxd7 20.Rd1 Rxd1+  1/2-1/2

[Event "New York op"]
[Site "New York"]
[Date "1987.??.??"]
[Round "?"]
[White "Lein, Anatoly"]
[Black "Suba, Mihai"]
[Result "1/2-1/2"]
[WhiteElo "2470"]
[BlackElo "2560"]

1.d4 Nf6 2.c4 e6 3.Nc3 Bb4 4.Qc2 O-O 5.a3 Bxc3+ 6.Qxc3 b6 7.Nf3 Bb7 8.e3 d6
9.Be2 Nbd7 10.b4 a5 11.Bb2 Ne4 12.Qc2 axb4 13.axb4 Rxa1+ 14.Bxa1 Ng5 15.Bc3 Nxf3+
16.Bxf3 Bxf3 17.gxf3 Qa8 18.Ke2 Qc6 19.Qb3 Ra8 20.b5 Qb7 21.Ra1 Rxa1 22.Bxa1 Qa8
23.Bb2 Kf8 24.Qa3 Qxa3 25.Bxa3 e5 26.Kd3 exd4 27.exd4 Ke7 28.Ke4 Ke6 29.Kf4 f6
30.Ke4 g5 31.Bb4 Nf8 32.d5+ Kf7 33.f4 gxf4 34.Bd2 Kg6 35.Kxf4 Nd7 36.Bc3 Nc5
37.Bd4 Nb7 38.Bc3 Nd8 39.h4 h5 40.Ke4 Nf7 41.f4 Nh6 42.Bd4 Nf5 43.Bf2 Ng7
44.Bd4 Nf5 45.Bf2 Ne7  1/2-1/2

[Event "Ostend op"]
[Site "Ostend"]
[Date "1987.??.??"]
[Round "9"]
[White "Rottstaedt, Werner"]
[Black "Winants, Luc"]
[Result "0-1"]
[WhiteElo "2270"]
[BlackElo "2440"]

1.d4 Nf6 2.c4 e6 3.Nc3 Bb4 4.Qc2 O-O 5.Bg5 c5 6.e3 h6 7.Bxf6 Qxf6 8.a3 Bxc3+
9.Qxc3 b6 10.Be2 Bb7 11.Bf3 Nc6 12.Ne2 cxd4 13.Nxd4 Rac8 14.O-O Nxd4 15.exd4 Bxf3
16.gxf3 d5 17.b3 Rfd8 18.Rfd1 dxc4 19.bxc4 Rd7 20.Rac1 Rcd8 21.d5 Qxc3 22.Rxc3 exd5
23.cxd5 Rxd5 24.Rxd5 Rxd5 25.Kg2 Rd4 26.Kg3 g5 27.Rc7 Ra4 28.Rc3 Kg7 29.Rd3 Kf6
30.Re3 Kf5 31.h3 f6 32.Kg2 h5 33.Kh2 Ra5 34.Kg2 Re5 35.Rb3 h4 36.Rb4 Rc5
37.Re4 b5 38.Rb4 a6 39.Rb3 Rc4 40.Re3 a5 41.Kf1 Rc5 42.Kg2 b4 43.axb4 axb4
44.Rb3 Rb5 45.Kf1 Ke5 46.Ke2 Kd4 47.Kd2 Kc4 48.Rb2 Rd5+ 49.Kc2 Rf5 50.Rb3 Re5  0-1

[Event "Voronez"]
[Site "Voronez"]
[Date "1987.??.??"]
[Round "?"]
[White "Smagin, Sergey"]
[Black "Petrienko, Vladimir"]
[Result "1/2-1/2"]
[WhiteElo "2555"]
[BlackElo "2410"]

1.d4 Nf6 2.c4 e6 3.Nc3 Bb4 4.Qc2 O-O 5.a3 Bxc3+ 6.Qxc3 b6 7.b4 Bb7 8.Nf3 a5
9.Bb2 Ne4 10.Qb3 axb4 11.axb4 Rxa1+ 12.Bxa1 c5 13.e3 Nc6 14.Be2 Nxb4 15.O-O d5
16.Qb2 f6 17.Rc1 Ba6 18.cxd5 Bxe2 19.Qxe2 exd5 20.Nd2 Nxd2 21.Qxd2 Qd6 22.Bc3 Nc6
23.Qb2 Nb8  1/2-1/2

[Event "Akureyri"]
[Site "Akureyri"]
[Date "1988.??.??"]
[Round "?"]
[White "Thorsteins, Karl"]
[Black "Tisdall, Jonathan D"]
[Result "1/2-1/2"]
[WhiteElo "2440"]
[BlackElo "2425"]

1.d4 Nf6 2.c4 e6 3.Nc3 Bb4 4.Qc2 O-O 5.a3 Bxc3+ 6.Qxc3 b6 7.e3 Bb7 8.b4 d6
9.Bb2 Nbd7 10.Nf3 Ne4 11.Qc2 c5 12.Bd3 f5 13.O-O Qe7 14.bxc5 dxc5 15.Rad1 Rac8
16.Ne5 cxd4 17.Nxd7 Qxd7 18.exd4 b5 19.Qe2 bxc4 20.Bxc4 Bd5 21.Bb5 Qd6 22.Rc1 Rb8
23.a4 a6 24.Bc4 Qb4 25.Ba1 Qxa4 26.f3 Nf6 27.Bxa6 Ra8 28.Bb5 Qb4 29.Bc3 Qb3
30.Ba1 Ra2 31.Qd3 Qxd3 32.Bxd3 Rfa8 33.Bc3 Rc8 34.Ba1 Rca8 35.Bc3 R2a3 36.Be2 Rc8
37.Bb4 Rxc1 38.Rxc1 Ra8 39.Bd6 Rd8 40.Be7 Rd7 41.Rc8+ Kf7 42.Bc5 Rb7 43.Bd6 g5
44.Rc7+  1/2-1/2

[Event "Augsburg"]
[Site "Augsburg"]
[Date "1988.??.??"]
[Round "?"]
[White "Meduna, Eduard"]
[Black "Lechtynsky, Jiri"]
[Result "1/2-1/2"]
[WhiteElo "2460"]
[BlackElo "2455"]

1.d4 Nf6 2.c4 e6 3.Nc3 Bb4 4.Qc2 O-O 5.a3 Bxc3+ 6.Qxc3 b6 7.Nf3 Bb7 8.e3 d6
9.Be2 Nbd7 10.O-O c5 11.b3 Qe7 12.Bb2 Rac8 13.Rfd1 Rfe8 14.Rac1 Bc6 15.b4  1/2-1/2

[Event "Augsburg"]
[Site "Augsburg"]
[Date "1988.??.??"]
[Round "?"]
[White "Kouatly, Bachar"]
[Black "Stangl, Markus"]
[Result "1-0"]
[WhiteElo "2440"]
[BlackElo "2360"]

1.d4 Nf6 2.c4 e6 3.Nc3 Bb4 4.Qc2 O-O 5.a3 Bxc3+ 6.Qxc3 b5 7.cxb5 c6 8.bxc6 Nxc6
9.b4 Bb7 10.Nf3 Rc8 11.Qb2 Ne7 12.e3 Be4 13.Bd2 Qb6 14.Ne5 Rc2 15.Qb3 Rfc8
16.f3 Bd5 17.Qb1 d6 18.Nd3 R2c7 19.Nf2 Nf5 20.Be2 Bb7 21.a4 a6 22.b5 a5 23.O-O Nd5
24.Ra3 Rc2 25.Qe1 Nb4 26.Nd3 Rxd2 27.Qxd2 Nc2 28.Rc3 Rxc3 29.Qxc3 Ncxe3 30.Rc1 h5
31.Kh1 Nd5 32.Qd2 Nxd4 33.Bd1 h4 34.Nb2 e5 35.Nc4 Qd8 36.Nxa5 Ba8 37.Nc6 Nxc6
38.bxc6 Nc7 39.h3 d5 40.Qb4 d4  1-0

[Event "Berlin op"]
[Site "Berlin-West"]
[Date "1988.??.??"]
[Round "1"]
[White "Foisor, Ovidiu"]
[Black "Varasdy, Imre"]
[Result "1-0"]
[WhiteElo "2475"]
[BlackElo "2330"]

1.d4 Nf6 2.c4 e6 3.Nc3 Bb4 4.Qc2 O-O 5.Nf3 b6 6.e4 d5 7.e5 Ne4 8.Bd3 Bb7
9.O-O Bxc3 10.bxc3 c5 11.cxd5 exd5 12.dxc5 bxc5 13.Rb1 Bc6 14.c4 h6 15.cxd5 Qxd5
16.Re1 Ng5 17.Bxg5 hxg5 18.Bc4 Qd8 19.e6 fxe6 20.Rxe6  1-0

[Event "Berlin op"]
[Site "Berlin-West"]
[Date "1988.??.??"]
[Round "8"]
[White "Forintos, Gyozo V"]
[Black "Barle, Janez"]
[Result "1-0"]
[WhiteElo "2365"]
[BlackElo "2420"]

1.d4 Nf6 2.c4 e6 3.Nc3 Bb4 4.Qc2 O-O 5.a3 Bxc3+ 6.Qxc3 b6 7.Bg5 Bb7 8.f3 h6
9.Bh4 Nc6 10.e3 Re8 11.Bf2 d5 12.O-O-O dxc4 13.Bxc4 Na5 14.Bb5 c6 15.Be2 Nd5
16.Qc2 c5 17.dxc5 Qg5 18.h4 Qe5 19.e4 Nf4 20.Bd4 Qb8 21.Bb5 Bc6 22.Bxc6 Nxc6
23.Be3 bxc5 24.g3 Nd4 25.Qc4 Nh5 26.g4 Nf4 27.Kb1 Rc8 28.Nh3 Ng6 29.f4 Qb7
30.h5 Qxe4+ 31.Qd3 Qxd3+ 32.Rxd3 Ne7 33.Bxd4 cxd4 34.Rxd4 Nd5 35.f5 Rab8
36.Rc1 Rxc1+ 37.Kxc1 Rb3 38.Nf2 Rf3 39.Nd1 Rf4 40.Rxf4 Nxf4 41.Ne3 exf5 42.Nxf5 Nd3+
43.Kc2 Nf2 44.Ne3 g6 45.b4 Kf8 46.Kc3 Ke7 47.Kd4 Kd6 48.g5 Ke7 49.gxh6 Kf8  1-0

[Event "Berlin op"]
[Site "Berlin-West"]
[Date "1988.??.??"]
[Round "9"]
[White "Kaposztas, Miklos"]
[Black "Adamski, Jan"]
[Result "1/2-1/2"]
[WhiteElo "2320"]
[BlackElo "2400"]

1.d4 Nf6 2.c4 e6 3.Nc3 Bb4 4.Qc2 O-O 5.Nf3 d6 6.Bg5 Re8 7.e3 e5 8.dxe5 dxe5
9.a3 Bxc3+ 10.Qxc3 Qe7 11.Be2 Ne4 12.Bxe7 Nxc3 13.Bb4 Nxe2 14.Kxe2 f6 15.h3 Be6
16.Rhc1 a5 17.Be1 a4 18.Bb4 c5 19.Bxc5 Rc8 20.Bb4 Bxc4+ 21.Ke1 Na6 22.Nd2 Bd3
23.f3 Kf7  1/2-1/2

[Event "Bern op"]
[Site "Bern"]
[Date "1988.??.??"]
[Round "?"]
[White "Plesec, Damjan"]
[Black "Van der Werf, Mark"]
[Result "1/2-1/2"]
[WhiteElo "2245"]
[BlackElo "2260"]

1.d4 Nf6 2.c4 e6 3.Nc3 Bb4 4.Qc2 O-O 5.a3 Bxc3+ 6.Qxc3 b6 7.f3 c5 8.dxc5 bxc5
9.Bg5 Nc6 10.Bxf6 Qxf6 11.Qxf6 gxf6 12.O-O-O Ba6 13.Rxd7 Bxc4 14.Nh3 Ne5
15.Rd2 Rfd8 16.Nf2 Bb3 17.e3 c4 18.Rxd8+ Rxd8 19.Be2 a5 20.Re1 Kf8 21.f4 Nd7
22.Ne4 Ke7 23.g4 Nb6 24.Nc3 Nd7 25.Ne4 Nb6  1/2-1/2

[Event "Compack"]
[Site "Budapest"]
[Date "1988.??.??"]
[Round "?"]
[White "Mohr, Stefan"]
[Black "Barbero, Gerardo F"]
[Result "1-0"]
[WhiteElo "2470"]
[BlackElo "2505"]

1.d4 Nf6 2.c4 e6 3.Nc3 Bb4 4.Qc2 O-O 5.a3 Bxc3+ 6.Qxc3 d6 7.Nf3 Nbd7 8.e3 b6
9.b4 Bb7 10.Bb2 a5 11.Be2 Ne4 12.Qb3 axb4 13.axb4 Rxa1+ 14.Bxa1 Ng5 15.d5 Nxf3+
16.Bxf3 e5 17.e4 Qe7 18.O-O Bc8 19.Bb2 Nf6 20.Ra1 Bg4 21.Bxg4 Nxg4 22.h3 Nf6
23.Bc1 Ne8 24.Qd3 g6 25.Ra8 f5 26.Bh6 Ng7 27.Rxf8+ Qxf8 28.Qa3 Qd8 29.g3 Nh5
30.Kg2 f4 31.g4 Ng7 32.Qa4 Ne8 33.Bg5 Qc8 34.Qc6 Kf7 35.c5 bxc5 36.bxc5 dxc5
37.d6 Nxd6 38.Qxc5 Qe6 39.Qxc7+ Kg8 40.Qd8+ Kg7 41.Bh6+  1-0

[Event "ARG-ch"]
[Site "Buenos Aires"]
[Date "1988.??.??"]
[Round "?"]
[White "Servat, Roberto"]
[Black "Casafus, Ruben"]
[Result "1-0"]
[WhiteElo "2285"]
[BlackElo "2370"]

1.d4 Nf6 2.c4 e6 3.Nc3 Bb4 4.Qc2 O-O 5.Bg5 d6 6.Nf3 Nbd7 7.e3 e5 8.Be2 Re8
9.Bh4 exd4 10.Nxd4 Nf8 11.O-O Bxc3 12.Qxc3 Ng6 13.Bxf6 Qxf6 14.Nb5 Qe7 15.Qd4 a6
16.Nc3 Ne5 17.Rfd1 Bd7 18.Rac1 Rac8 19.Nd5 Qd8 20.c5 Bc6 21.Nb4 Qg5 22.Nxc6 Nxc6
23.Qg4 Qxg4 24.Bxg4 Rcd8 25.cxd6 Rxd6 26.Rxd6 cxd6 27.Kf1 Rd8 28.Bf3 Kf8
29.Ke2 Ke7 30.Bd5 Rd7 31.a3 Kd8 32.Rc4 Kc7 33.Rh4 h6 34.Rg4 f6 35.Re4 Kd8
36.Rc4 Rc7 37.e4 Ne7 38.Rxc7 Kxc7 39.Bf7 d5 40.exd5 Kd6 41.Kd3 Nxd5 42.Kc4 Ne7
43.f4 g5 44.Kd4 f5 45.g3 gxf4 46.gxf4 Nc6+ 47.Kc4 b6 48.b4 b5+ 49.Kd3 Ne7
50.Kd4 Nc6+ 51.Ke3 a5 52.bxa5 Nxa5 53.Bg6 Nc4+ 54.Kd4 Ke6 55.a4 Nd6 56.a5 b4
57.a6 b3 58.Kc3 Kd7 59.Bxf5+ Kc7 60.Bd3  1-0

[Event "ARG-ch"]
[Site "Buenos Aires"]
[Date "1988.??.??"]
[Round "?"]
[White "Grynszpan, Mariano"]
[Black "Rubinetti, Jorge A"]
[Result "1-0"]
[WhiteElo "2320"]
[BlackElo "2415"]

1.d4 Nf6 2.c4 e6 3.Nc3 Bb4 4.Qc2 O-O 5.Nf3 d6 6.g3 b6 7.Bg2 Bb7 8.O-O Bxc3
9.Qxc3 Nbd7 10.b3 Qe7 11.Bb2 Ne4 12.Qc2 f5 13.Nd2 Ndf6 14.Rad1 c5 15.Nxe4 Bxe4
16.Bxe4 Nxe4 17.d5 e5 18.f3 Ng5 19.h4 f4 20.hxg5 Qxg5 21.Rf2 fxg3 22.Rg2 Rf4
23.Bc1 Raf8 24.Bxf4 Rxf4 25.Qd2 h5 26.Qe1 h4 27.Kh1 a5 28.Rg1 e4 29.fxe4 Qg6
30.Rg2 Qxe4 31.Kg1 Qe3+ 32.Kh1 Qe4 33.Kg1 Qe3+ 34.Kh1 Qe5 35.Rd3 Qe4 36.Kg1 Qe5
37.Kh1 Rg4 38.Rf3 Kh7 39.Qb1+ g6 40.Qe1 Kh6 41.Kg1 Qd4+ 42.Kh1 Qe5 43.Qc3 Qxc3
44.Rxc3 Rd4 45.Rd3 Re4 46.Rf3 Rd4 47.Rf6 Kh5 48.Rxd6 g5 49.Re6 Kg4 50.Re3 Kh3
51.Rd3 Rf4 52.Kg1 b5 53.d6 bxc4 54.bxc4 Rxc4 55.Rd1  1-0

[Event "Bytom"]
[Site "Bytom"]
[Date "1988.??.??"]
[Round "8"]
[White "Videki, Sandor"]
[Black "Bogdanovski, Vlatko"]
[Result "0-1"]
[WhiteElo "2315"]
[BlackElo "2460"]

1.d4 Nf6 2.c4 e6 3.Nc3 Bb4 4.Qc2 O-O 5.a3 Bxc3+ 6.Qxc3 b6 7.Nf3 Bb7 8.g3 c5
9.dxc5 bxc5 10.Bg2 Qb6 11.O-O a5 12.b3 d5 13.cxd5 exd5 14.e3 Nbd7 15.Rd1 Rfb8
16.Rb1 Ra6 17.Bb2 Bc6 18.Ba1 Qb7 19.Ne5 Nxe5 20.Qxe5 a4 21.b4 Rb6 22.Rdc1 Rb5
23.Rc2 cxb4 24.Rxb4 Rxb4 25.axb4 Rc8 26.Qd4 Bd7 27.Rxc8+ Qxc8 28.Bc3 Qc6
29.Bf1 Qb7 30.Bd3 Bb5 31.Bf5 a3 32.f3 Bc4 33.e4 a2 34.Qc5 Qa8 35.Ba1 Qa4
36.Qc8+ Ne8 37.Kg2 Bb5 38.Kh3 Qxb4 39.Bd7 Bxd7+ 40.Qxd7 Kf8 41.Qxd5 Qb1 42.Qc5+ Kg8
43.Qe7 Qb5 44.g4 h6 45.Kg3 Qc6 46.e5 Nc7 47.Qd8+ Kh7 48.Qd3+ g6 49.h4 Ne6
50.h5 Qc1 51.hxg6+ Kg7  0-1

[Event "Dordrecht"]
[Site "Dordrecht"]
[Date "1988.??.??"]
[Round "?"]
[White "Conquest, Stuart"]
[Black "Winants, Luc"]
[Result "1/2-1/2"]
[WhiteElo "2445"]
[BlackElo "2465"]

1.d4 Nf6 2.c4 e6 3.Nc3 Bb4 4.Qc2 O-O 5.a3 Bxc3+ 6.Qxc3 b6 7.e3 Bb7 8.Nf3 c5
9.b3 cxd4 10.Qxd4 Nc6 11.Qb2 d5 12.Bd2 Ne4 13.Rd1 Ne7 14.Be2 Nxd2 15.Rxd2 Qc7
16.O-O Rac8 17.Rfd1 Rfd8 18.Qe5 Qxe5 19.Nxe5 Kf8 20.e4 f6 21.Nf3 Ke8 22.Nd4 dxe4
23.Nxe6 Rxd2 24.Rxd2 g6 25.h4 Nc6 26.Kh2 Na5 27.Bd1 Ke7 28.Nf4 Rd8 29.Rxd8 Kxd8
30.Kg3 Ke7 31.Ne2 h6 32.Kf4 g5+ 33.hxg5 hxg5+ 34.Ke3 Kd6 35.g4 Ke5 36.Nc3 Bc6
37.Bc2 Bd7 38.Bd1 Bc6 39.Bc2  1/2-1/2

[Event "Dortmund-B"]
[Site "Dortmund"]
[Date "1988.??.??"]
[Round "?"]
[White "Konikowski, Jerzy"]
[Black "Makropoulos, Georgios"]
[Result "0-1"]
[WhiteElo "2390"]
[BlackElo "2460"]

1.d4 Nf6 2.c4 e6 3.Nc3 Bb4 4.Qc2 O-O 5.a3 Bxc3+ 6.Qxc3 d6 7.Nf3 Nbd7 8.b4 a5
9.Bb2 axb4 10.axb4 Rxa1+ 11.Bxa1 b6 12.e3 Bb7 13.Be2 Qa8 14.O-O Ne4 15.Qb3 g5
16.Rd1 g4 17.Ne1 Qd8 18.Nd3 Qh4 19.d5 b5 20.g3 Qg5 21.dxe6 fxe6 22.Nf4 Qf5
23.cxb5 Ng5 24.Qc3 Ne5 25.Qxc7 Qe4 26.f3 Qxe3+ 27.Kf1 Ngxf3 28.Bxf3 Qxf3+
29.Ke1 Qe4+ 30.Kf2 Qg2+ 31.Ke3 Qe4+ 32.Kf2 Rc8 33.Qxd6 Rc2+ 34.Rd2 Qf3+ 35.Ke1 Rc1+
36.Rd1 Qh1+ 37.Kf2 Qf3+ 38.Ke1 Qh1+ 39.Kf2 Qxh2+ 40.Kf1 Rxd1+ 41.Qxd1 Qh1+  0-1

[Event "Troll Masters"]
[Site "Gausdal"]
[Date "1988.??.??"]
[Round "?"]
[White "Tiller, Bjorn"]
[Black "Dahl, Ingrid"]
[Result "1-0"]
[WhiteElo "2395"]
[BlackElo "2045"]

1.d4 Nf6 2.c4 e6 3.Nc3 Bb4 4.Qc2 O-O 5.Bg5 d5 6.cxd5 exd5 7.e3 c6 8.Bd3 h6
9.Bh4 Nbd7 10.Nf3 Re8 11.O-O Bd6 12.Rae1 Qc7 13.e4 dxe4 14.Nxe4 Bb4 15.Nc3 Rxe1
16.Rxe1 b6 17.Bxf6 Nxf6 18.Nd5 Qd6 19.Nxb4 Qxb4 20.Qxc6  1-0

[Event "BL2-W8788"]
[Site "Germany"]
[Date "1988.??.??"]
[Round "?"]
[White "Rottstaedt, Werner"]
[Black "Beilfuss, Wilfried"]
[Result "1/2-1/2"]
[WhiteElo "2265"]
[BlackElo "2250"]

1.d4 e6 2.c4 Nf6 3.Nc3 Bb4 4.Qc2 O-O 5.a3 Bxc3+ 6.Qxc3 b6 7.Nf3 Bb7 8.g3 Bxf3
9.Qxf3 d5 10.Bg5 c6 11.e3 Nbd7 12.cxd5 cxd5 13.Bd3 h6 14.Bxf6 Nxf6 15.O-O Rc8
16.Rfc1 Qe7 17.Qd1 Qb7 18.b4 Rxc1 19.Rxc1 Rc8  1/2-1/2

[Event "Kecskemet"]
[Site "Kecskemet"]
[Date "1988.??.??"]
[Round "?"]
[White "Karolyi, Tibor Jr"]
[Black "Bischoff, Klaus"]
[Result "1/2-1/2"]
[WhiteElo "2450"]
[BlackElo "2510"]

1.d4 e6 2.c4 Nf6 3.Nc3 Bb4 4.Qc2 O-O 5.a3 Bxc3+ 6.Qxc3 b6 7.e3 d6 8.b3 Nbd7
9.Bb2 Qe7 10.Bd3 c5 11.Ne2 Bb7 12.O-O Rac8  1/2-1/2